| 000 | 00977nam a22003137a 4500 | ||
|---|---|---|---|
| 003 | CHAP | ||
| 005 | 20220817042632.0 | ||
| 008 | 971013s1970 r 00010 d | ||
| 010 | _a50569 | ||
| 011 | _a51541 | ||
| 035 | _a55691 | ||
| 040 | _cCHAP | ||
| 082 |
_a633.15 _bP82 1970 |
||
| 110 |
_aPlan Puebla. México _988679 |
||
| 245 |
_aReunión anual _b: (3a.) |
||
| 260 |
_aPuebla, Pue. : _bEl Plan, _c1970 |
||
| 300 | _a(s.p.) | ||
| 590 |
_aBATCH-UPD _b10 _c20130110 _lUCH01 _h2051 |
||
| 590 |
_aBATCH-UPD _b10 _c20130410 _lUCH01 _h1404 |
||
| 590 |
_aBATCH-UPD _b10 _c20130914 _lUCH01 _h1752 |
||
| 590 |
_aCONVERSION _b10 _c20130109 _lUCH01 _h1327 |
||
| 650 | 1 | 4 |
_aMaíz _xMejoramiento. _971006 |
| 650 | 1 | 4 |
_aMaíz _xRendimiento. _971051 |
| 650 | 1 | 4 |
_aMaíz _zPuebla. |
| 901 | _aBK | ||
| 942 | _cLIBRO | ||
| 949 |
_a633.15 P82 1970 _bBC _cLIBRO _d33724000207676 _eLIBRO _h40169 _i55691 _mD _si |
||
| 949 |
_a633.15 P82 1970 _bBC _cLIBRO _d33724000207684 _eLIBRO _fc.2 _h40170 _i55691 _mD _si |
||
| 999 |
_c50569 _d50569 |
||